[Event "Halloween in July"]
[Site "SchemingMind.com"]
[Date "2007.08.05"]
[Round "-"]
[White "Dr_Pat"]
[Black "Spectraz"]
[Result "1-0"]
[WhiteCountry "USA"]
[BlackCountry "SWE"]
[WhiteElo "1476"]
[WhiteRD "57"]
[BlackElo "1417"]
[BlackRD "91"]
[GameID "115397"]

1. e4 e5 2. Nf3 Nc6 3. Nc3 Nf6 4. Nxe5 Nxe5 5. d4 Nc6 6. e5 Ng8 7. Bc4 a6 8. Qf3 f6 9. Be3 Bb4 10. O-O d6
11. exd6 Qxd6 12. Nd5 Nge7 13. Bf4 Qd7 14. Nxc7+ Qxc7 15. Bxc7 Nxd4 16. Qe4 Nc6 17. c3 Bc5 18. Rad1 Bf5 19. Qe2 b5 20. Bd5 Kd7
21. Bf4 Rad8 22. Bxc6+ Kxc6 23. Rxd8 Rxd8 24. Qf3+ Kd7 25. Rd1+ Ke8 26. Rxd8+ Kxd8 27. Qa8+ Nc8 28. Qd5+ Bd6 29. Bxd6 Nxd6 30. Qxd6+ Ke8
31. Qxa6 Bd3 32. Qb7 Kf8 33. b4 h6 34. f4 Bb1 35. a3 Ba2 36. Qxb5 Kg8 37. Qf5 Bb3 38. b5 Kf7 39. b6 Be6 40. Qc5 Kg8
41. b7 Kh7 42. b8=Q Bf7 43. f5 Bh5 44. Qcf8 Bg4 45. Qh8#
1-0

[Event "Halloween in July"]
[Site "SchemingMind.com"]
[Date "2007.08.05"]
[Round "-"]
[White "marble"]
[Black "Spectraz"]
[Result "1-0"]
[WhiteCountry "ENG"]
[BlackCountry "SWE"]
[WhiteElo "1706"]
[WhiteRD "55"]
[BlackElo "1417"]
[BlackRD "91"]
[GameID "115398"]

1. e4 e5 2. Nf3 Nc6 3. Nc3 Nf6 4. Nxe5 Nxe5 5. d4 Nc6 6. e5 Ng8 7. Bc4 a6 8. O-O b5 9. Bb3 Bb7 10. Qf3 Qe7
11. Nd5 Nxd4 12. Nxc7+ Kd8 13. Qxb7 Rc8 14. Nxa6 Qxe5 15. Qb6+ Ke8 16. Be3 Bd6 17. g3 Ne2+ 18. Kh1 Qe4+ 19. f3 Qg6 20. Rad1 Nxg3+
21. hxg3 Qxg3 22. Qxd6 Qxd6 23. Rxd6 Nf6 24. Re1 Ke7 25. Rb6 Rhe8 26. Bd2+ Kf8 27. Bb4+ Kg8 28. Rxe8+ Rxe8 29. Rxb5 d5 30. Nc7 Rd8
31. Be7 Rc8 32. Bxd5 Rxc7 33. Rb8+ Ne8 34. Rxe8#
1-0

[Event "Halloween in July"]
[Site "SchemingMind.com"]
[Date "2007.08.06"]
[Round "-"]
[White "ivan"]
[Black "Spectraz"]
[Result "1-0"]
[WhiteCountry "CRO"]
[BlackCountry "SWE"]
[WhiteElo "1723"]
[WhiteRD "72"]
[BlackElo "1415"]
[BlackRD "89"]
[GameID "115399"]

1. e4 e5 2. Nf3 Nc6 3. Nc3 Nf6 4. Nxe5 Nxe5 5. d4 Nc6 6. e5 Ng8 7. Bc4 f5 8. O-O a6 9. Qf3 g6 10. Qd5 Qe7
11. Bg5 Qg7 12. e6 Be7 13. Rfe1 dxe6 14. Bxe7 Ngxe7 15. Qc5 Nxd4 16. Rad1 Ndc6 17. Qe3 O-O 18. a3 Nd8 19. Na4 b5 20. Bb3 f4
21. Qe4 Rb8 22. Nc5 Nb7 23. Bxe6+ Kh8 24. Bxc8 Nxc5 25. Qxe7 Qxe7 26. Rxe7 Rbxc8 27. b4 Nb7 28. Rdd7 Nd6 29. Rxh7+ Kg8 30. Rdg7#
1-0

[Event "Halloween in July"]
[Site "SchemingMind.com"]
[Date "2007.08.07"]
[Round "-"]
[White "Sargon"]
[Black "Brerrabbit"]
[Result "0-1"]
[WhiteCountry "AUS"]
[BlackCountry "SCO"]
[WhiteElo "1351"]
[WhiteRD "100"]
[BlackElo "1419"]
[BlackRD "73"]
[GameID "115613"]

1. e4 e5 2. Nf3 Nc6 3. Nc3 Nf6 4. Nxe5 Nxe5 5. d4 Nxe4 6. Nxe4 Nc6 7. c4 d5 8. cxd5 Qxd5 9. Nc3 Bb4 10. Be3 O-O
11. Be2 Bf5
0-1

[Event "Halloween in July"]
[Site "SchemingMind.com"]
[Date "2007.08.07"]
[Round "-"]
[White "Sargon"]
[Black "Dr_Pat"]
[Result "0-1"]
[WhiteCountry "AUS"]
[BlackCountry "USA"]
[WhiteElo "1351"]
[WhiteRD "100"]
[BlackElo "1543"]
[BlackRD "52"]
[GameID "115617"]

1. e4 e5 2. Nf3 Nc6 3. Nc3 Nf6 4. Nxe5 Nxe5 5. f4 Nc6 6. e5 Ng8 7. d4 d6 8. d5 Nce7 9. Bb5+ Bd7 10. Bxd7+ Qxd7
11. Be3 O-O-O 12. Bxa7 dxe5 13. fxe5 Nxd5 14. O-O Nxc3
0-1

[Event "Halloween in July"]
[Site "SchemingMind.com"]
[Date "2007.08.07"]
[Round "-"]
[White "Sargon"]
[Black "marble"]
[Result "0-1"]
[WhiteCountry "AUS"]
[BlackCountry "ENG"]
[WhiteElo "1351"]
[WhiteRD "100"]
[BlackElo "1679"]
[BlackRD "56"]
[GameID "115618"]

1. e4 e5 2. Nf3 Nc6 3. Nc3 Nf6 4. Nxe5 Nxe5 5. f4 Ng6 6. f5 Ne5 7. d4 Nc6 8. e5 Ng8 9. Bf4 Bb4 10. Bb5 Bxc3+
0-1

[Event "Halloween in July"]
[Site "SchemingMind.com"]
[Date "2007.08.08"]
[Round "-"]
[White "Brerrabbit"]
[Black "Sargon"]
[Result "1-0"]
[WhiteCountry "SCO"]
[BlackCountry "AUS"]
[WhiteElo "1419"]
[WhiteRD "73"]
[BlackElo "1351"]
[BlackRD "100"]
[GameID "115622"]

1. e4 e5 2. Nf3 Nc6 3. Nc3 Nf6 4. Nxe5 Nxe5 5. d4 Nc6 6. e5 Ng8 7. Bc4 d6 8. Qf3 f6 9. O-O dxe5 10. Bg5 exd4
11. Ne4
1-0

[Event "Halloween in July"]
[Site "SchemingMind.com"]
[Date "2007.08.07"]
[Round "-"]
[White "Dr_Pat"]
[Black "Sargon"]
[Result "1-0"]
[WhiteCountry "USA"]
[BlackCountry "AUS"]
[WhiteElo "1543"]
[WhiteRD "52"]
[BlackElo "1351"]
[BlackRD "100"]
[GameID "115626"]

1. e4 e5 2. Nf3 Nc6 3. Nc3 Nf6 4. Nxe5 Nxe5 5. d4 Nc6 6. e5 Ng8 7. Bc4 Bb4 8. Qf3 f6 9. Be3 Qe7 10. O-O fxe5
11. Nd5 e4 12. Qh5+ g6 13. Nxe7 gxh5 14. Bxg8
1-0